000 00677nam a2200217 a 4500
001 000020939
003 DO-SdBNP
005 20211105105932.0
007 ta
008 100824s1999 dr r 000 0 spa d
040 _aDO-SdBNP
_bspa
_cBNPHU
082 4 _222
_bA561h
100 1 _aAndrés, Mateo
_97205
_qs.j.
245 1 3 _aEl hombre en busca de paz :
_bnuevas reflexiones hacia la felicidad humana /
_cMateo Andrés.
250 _a3a ed.
260 _aSanto Domingo :
_bEdiciones MSC ;
_bAmigo del Hogar,
_c1999.
300 _a238 p. ;
_c23 cm.
500 _aIncluye datos biográficos del autor en la contracubierta
590 _aInventariado, 2021/BT
942 _2ddc
_cLBS1
999 _c20442
_d20442